Maurice Ravel, Dítě a kouzla : libreto: Colette. Leoš Janáček, Sinfonietta : premiéra 21. prosince 2000 v Národním divadle /

Korporativní autor: Národní divadlo v Praze. Balet
Další autoři: Hrbotický, Saša, Ravel, Maurice, 1875-1937, Colette, 1873-1954, Janáček, Leoš, 1854-1928, Kylián, Jiří, 1947-, Šťastná Flídrová, Dana, 1962-
Jazyk: Němčina
Čeština
Angličtina
Vydáno: Praha : Národní divadlo, 2000
Témata:
Fyzický popis: 51 s. : il., portréty ; 21 cm + [2] vol. příl.
Knihy
Uloženo v:
LEADER 02025nam a2200493 a 4500
001 000549336
003 CZ BrMZK
005 20220103144725.0
007 ta
008 010907s2000 xr e cze d
020 |a 80-7258-053-1 
040 |a BOA001  |b cze 
041 1 |a cze  |a ger  |a eng 
043 |a e-fr---  |a e-xr---  |b e-xr-pg  |2 czenas 
045 |a x-x-  |a x9y0 
072 7 |a 792  |x Divadlo. Divadelní představení  |2 Konspekt  |9 3 
080 |a 792.82  |2 MRF 
080 |a (44)  |2 MRF 
080 |a (437.311)  |2 MRF 
080 |a (083.97)  |2 MRF 
245 0 0 |a Maurice Ravel, Dítě a kouzla :  |b libreto: Colette. Leoš Janáček, Sinfonietta : premiéra 21. prosince 2000 v Národním divadle /  |c choreografie: Jiří Kilián ; [příprava programu a redakce: Saša Hrbotický a Dana Flídrová] 
246 3 3 |a Dítě a kouzla 
246 3 3 |a Sinfonietta 
260 |a Praha :  |b Národní divadlo,  |c 2000 
300 |a 51 s. :  |b il., portréty ;  |c 21 cm +  |e [2] vol. příl. 
500 |a Divadelní program 
500 |a Text též anglicky a německy 
610 2 7 |a Národní divadlo v Praze.  |b Balet  |7 kn20010724560  |2 czenas 
648 7 |a 20. století  |7 ch460558  |2 czenas 
648 7 |a 1991-2000  |7 ch460587  |2 czenas 
650 0 7 |a balety  |7 ph118734  |z Francie  |y 20. stol.  |2 czenas 
650 0 7 |a baletní inscenace  |7 ph137509  |z Česko  |y 1991-2000  |2 czenas 
651 7 |a Praha (Česko)  |7 ge118011  |2 czenas 
655 7 |a divadelní programy  |7 fd132033  |2 czenas 
700 1 |a Hrbotický, Saša  |7 mzk2006324188  |4 com 
700 1 |a Ravel, Maurice,  |d 1875-1937  |7 jn19990006862  |4 cmp 
700 0 |a Colette,  |d 1873-1954  |7 jn19981000507  |4 lbt 
700 1 |a Janáček, Leoš,  |d 1854-1928  |7 jk01050745  |4 cmp 
700 1 |a Kylián, Jiří,  |d 1947-  |7 jo20000080700  |4 chr 
700 1 |a Šťastná Flídrová, Dana,  |d 1962-  |7 jn20010601435  |4 com 
710 2 |a Národní divadlo v Praze.  |b Balet  |7 kn20010724560 
910 |a BOA001  |b 2-1082.052 
990 |a BK 
996 6 |b 2610129123  |c 2-1082.052  |l MZK  |r Sklad / do 1 hodiny  |n 2  |p p.v.  |w 000549336  |u 000010  |a 1  |e BOA001  |j MZK50  |s P